Finale - Cabaret 1972 (lyrics) - Statistics

General Stats
  • This quiz has been taken 4 times
  • The average score is 28 of 42
Answer Stats
Answer % Correct
a
100%
auf
100%
i
100%
no
100%
the
100%
the
100%
are
67%
are
67%
beautiful
67%
beautiful
67%
beautiful
67%
bientôt
67%
et
67%
even
67%
gentlemen
67%
girls
67%
here
67%
here
67%
herren
67%
is
67%
is
67%
ladies
67%
life
67%
meine
67%
mesdames
67%
now?
67%
orchestra
67%
so
67%
told
67%
troubles
67%
troubles
67%
und
67%
und
67%
where
67%
wiedersehen
67%
you
67%
your
67%
damen
33%
forgotten.
33%
messieurs
33%
we
33%
have
0%
No matching quizzes found
Score Distribution
Percent of People with Each Score
Percentile by Number Answered
Your Score History
You have not taken this quiz